000 00677nam a22002057a 4500
005 20251108171141.0
008 250721s2003 xx 000 0 ara d
082 1 4 _aم/213.63/جوز
100 1 _aإبن الجوزي، أبو الفرج عبد الرحمن بن علي بن محمد
_eمؤلف
245 1 0 _aالموضوعات /
250 _aط3.
264 1 _aأبو ظبي :
_bمؤسسة النداء،
_c2003.
300 _a4مج.
650 1 7 _aالعقيدة الدينية
650 1 7 _aالأحكام الشرعية
650 1 7 _aالحديث الشريف
700 1 _aالقيسيه، محمود أحمد
_eتحقيق
942 _2ddc
_cREF
999 _c57908
_d57908